"Ovidius" University Annals-Constantza : Series:Civil Engineering

Salvato in:
Dettagli Bibliografici
Natura: Libro
Pubblicazione: Constanta : Ovidius University Press, 2012
Tags: Aggiungi Tag
Nessun Tag, puoi essere il primo ad aggiungerne!!

MARC

LEADER 00000nam a22000003a 4500
001 stu261422
005 20150408183024.0
008 130121s--------rm----------------------d
040 |a STU  |b slo 
041 0
044 |a rm 
245 |a "Ovidius" University Annals-Constantza :  |b Series:Civil Engineering 
260 |a Constanta :  |b Ovidius University Press,  |c 2012 
996 |b 284V032613  |c V*9281/K-2362  |l VVT  |s A  |a 24  |w stu261422_0001